000
00338nam a2200145Ia 4500
100
_a
SAREEN KULDEEP/ GREWAL CHANDANDEEP
650
_a
Production.
942
_c
BK
366
_f
10
245
_a
CAD/CAM THEORY & CONCEPTS
260
_b
S.Chand & Co.
_a
New Delhi
_c
2009
082
_a
670.285/SAR/GRE
300
_a
453
546
_a
ENGLISH
999
_c
19584
_d
19584